[Event "Madurai Athens of the East op-C U1700"]
[Site "Madurai"]
[Date "2023.12.26"]
[Round "7"]
[White "Raghul Saro, S."]
[Black "Abhilash, M."]
[Result "0-1"]
[WhiteElo "1593"]
[BlackElo "1468"]
[PlyCount "105"]
[EventDate "2023.12.24"]
[EventType "swiss"]
[EventRounds "9"]
[EventCountry "IND"]
[SourceTitle "CB06_2024"]
[SourceDate "2024.02.07"]
[SourceVersion "1"]
[SourceVersionDate "2024.02.07"]
[SourceQuality "1"]

1. d4 Nf6 2. c4 g6 3. Nc3 d5 4. cxd5 Nxd5 5. e4 Nxc3 6. bxc3 Bg7 7. Be3 0-0 8. Nf3 c5 9. Be2 Bg4 10. 0-0 Bxf3 11. Bxf3 cxd4 12. cxd4 Nc6 13. e5 Rc8 14. Rb1 b6 15. Bxc6 Rxc6 16. Qa4 Qd7 17. Rfd1 e6 18. h3 Rc7 19. Qxd7 Rxd7 20. Rdc1 f6 21. f4 Rfd8 22. Rc6 Kf7 23. g4 Bf8 24. f5 gxf5 25. gxf5 Re8 26. Rf1 Bg7 27. h4 exf5 28. Rxf5 Re6 29. Rc2 Ke7 30. Rg2 Kd8 31. Bf4 fxe5 32. dxe5 Kc7 33. h5 Kb7 34. Kh2 Rde7 35. Rxg7 Rxg7 36. h6 Rge7 37. Kg3 Kc6 38. Kg4 Kd5 39. Rf8 Ke4 40. Bg5 Rg6 41. Rf6 Rxf6 42. exf6 Rf7 43. Bh4 Ke5 44. Kg5 Rxf6 45. Be1 Rg6+ 46. Kh5 Kd4 47. a4 a6 48. Bd2 b5 49. axb5 axb5 50. Bc1 b4 51. Bb2+ Kd3 52. Be5 b3 53. Bg7 0-1